| 000 | 00772nam a2200253Ia 4500 | ||
|---|---|---|---|
| 001 | 21825 | ||
| 005 | 20260320113316.0 | ||
| 008 | 260320s9999||||xx |||||||||||||| ||und|| | ||
| 041 | _aESP | ||
| 082 |
_aHR 387.5 N° 1 2025 _bRM.2 |
||
| 100 |
_a _e |
||
| 110 | _aFondo de Publicaciones de la Dirección General de Comunicación e Intereses Marítimos | ||
| 245 | 0 |
_aRevista de Marina _b |
|
| 246 |
_a _5 _b |
||
| 260 |
_aCallao : _bFondo de Publicaciones de la Dirección General de Comunicación e Intereses Marítimos, _c2025 |
||
| 300 |
_a121 páginas : _bfotografías, gráficos ; _c24 cm. _e |
||
| 440 |
_a _n _v |
||
| 650 | _aCIS | ||
| 653 | _aPerú. Marina de Guerra - Revista | ||
| 654 | _aCAN | ||
| 700 |
_a _c |
||
| 856 |
_u _z |
||
| 942 |
_cREV _dJUS _fMAT _2ddc _n |
||
| 999 |
_c21825 _d21825 |
||